DOCTRINA SOCIAL DE LA IGLESIA: UN REFORMISMO ANTISOCIALISTA/

INCLUYE BIBLIOGRAFIA

Enregistré dans:
Détails bibliographiques
Auteur principal: Ezcurra, Ana María (autor)
Format: Livre
Collection:RELIGION Y POLITICA
Sujets:
Tags: Ajouter un tag
Pas de tags, Soyez le premier à ajouter un tag!

MARC

LEADER 00000nam^a2200000^a^4500
001 000216958
005 20250521000000.0
009 20260310103705.789
020 |a 968-469-080-0 
035 |a 003896 
037 |a Acervo Xavier Clavigero 
082 |a 261. 1  |b EZC 
100 |a Ezcurra, Ana María  |e (autor) 
245 1 0 |a DOCTRINA SOCIAL DE LA IGLESIA:  |b UN REFORMISMO ANTISOCIALISTA/  |c ANA MARIA EZCURRA 
264 |a MEXICO :  |b NUEVOMAR,  |c 1986 
300 |a 263p. 
336 |a texto  |b txt  |2 rdacontenido 
337 |a sin mediación  |b n  |2 rdamedio 
338 |a volumen  |b nc  |2 rdasoporte 
440 |a RELIGION Y POLITICA 
520 |a INCLUYE BIBLIOGRAFIA 
649 |a XX 
650 |a Misión de la Iglesia 
650 |a Teología Social 
910 |a Fondo General 
920 |a Impresos - Libros 
930 |a Colección General 
905 |a 101 
901 |a 003896  |b IT1  |c ACC  |i 003896  |u 20250521 
902 |a https://opac.biblio.iteso.mx/vufind/Record/000216958